000
00224nam a2200097Ia 4500
008
120527s9999 xx 000 0 und d
100
_a
FELDSTEIN, S.Hilary
245
_a
Tools for the field
260
_b
Kumarian
942
_c
BK
999
_c
25099
_d
25099